书目信息 |
| 题名: |
自然资源概论
|
|
| 作者: | 刘成武 编著 | |
| 分册: | ||
| 出版信息: | 北京 科学出版社 1999.08 |
|
| 页数: | 333页 | |
| 开本: | 32开 | |
| 丛书名: | ||
| 单 册: | ||
| 中图分类: | X37 | |
| 科图分类: | ||
| 主题词: | 自然资源--开发--合理 , 自然资源--环境? | |
| 电子资源: | ||
| ISBN: | 7-03-007541-2 | |
| 000 | 00585nam0 2200205 45 | |
| 001 | 0012091690 | |
| 005 | 20001209165937.5 | |
| 010 | @a7-03-007541-2@d15.00元 | |
| 100 | @a20001209d1999 km y0chiy0120 ea | |
| 101 | 0 | @achi |
| 105 | @a z 000yy | |
| 200 | 1 | @a自然资源概论@AZi Ran Zi Yuan Gai Lun@f刘成武等编著@FLiu Cheng Wu Deng Bian Zhu |
| 210 | @a北京@c科学出版社@d1999.08 | |
| 215 | @a333页@d32开 | |
| 606 | 0 | @a自然资源@x开发@x合理 |
| 606 | 0 | @a自然资源@x环境? |
| 690 | @aX37@v3 | |
| 701 | 0 | @a刘成武@4编著 |
| 801 | @aCN@bPftUser@c20001209 | |
| 905 | @b301670-672@dX37@eL857@f3 | |
| 自然资源概论/刘成武等编著.-北京:科学出版社,1999.08 |
| 333页;32开 |
| ISBN 7-03-007541-2:15.00元 |
| ● |
| 相关链接 |
|
|
|
正题名:自然资源概论
索取号:X37/L857
 
预约/预借
| 序号 | 登录号 | 条形码 | 馆藏地/架位号 | 状态 | 备注 |
| 1 | 301670 | 203016707 | 自科库501/501自科库 67排1列2层/ [索取号:X37/L857] | 在馆 | |
| 2 | 301671 | 203016716 | 市政与环境工程学院资料室/ [索取号:X37/L857] | 在馆 | |
| 3 | 301672 | 203016725 | 自科库501/501自科库 67排1列2层/ [索取号:X37/L857] | 在馆 |